|
|
|
|
| LEADER |
01039nam a2200253 u 4500 |
| 001 |
10001380 |
| 003 |
upatras |
| 005 |
20210117203307.0 |
| 008 |
881025s1982 uk eng |
| 040 |
|
|
|a GR-PaULI
|c GR-PaULI
|
| 041 |
0 |
|
|a eng
|
| 082 |
0 |
4 |
|a 025.0028
|
| 110 |
|
0 |
|a Limbrary Association Pamphlet
|9 106199
|
| 245 |
1 |
0 |
|a The impact of new technology on libraries and informationcentres
|b report of the Library Association working party 1981-2
|
| 250 |
|
|
|a first published
|
| 260 |
|
|
|a London
|b The Library Association 1982
|c 1982
|
| 300 |
|
|
|a ix, 54 p.
|c 22 cm
|
| 490 |
0 |
|
|a Library Association Pamphlet
|v 38
|
| 650 |
|
4 |
|a Βιβλιοθήκες
|x Τεχνολογία
|9 7629
|
| 760 |
1 |
|
|a Library Association Pamphlet
|g 38
|
| 852 |
|
|
|a GR-PaULI
|b ΠΑΤΡΑ
|b ΒΚΠ
|b ΓΡΑ
|k ΑΣΧΞ
|h R 025.0028 LAP
|m 10366
|p 025000097628
|t 1
|
| 942 |
|
|
|2 ddc
|c BK15
|
| 952 |
|
|
|0 0
|1 0
|4 0
|6 R_025_002800000000000_LAP
|7 0
|9 111042
|a LISP
|b LISP
|c ADM
|d 2016-04-24
|i 10366
|l 0
|o R 025.0028 LAP
|p 025000097628
|r 2016-04-24 00:00:00
|t 1
|w 2016-04-24
|y BK15
|
| 999 |
|
|
|c 74328
|d 74328
|